000
00217nam a2200085Ia 4500
008
120527s9999 xx 000 0 und d
100
_a
SNYDER,W.James.
245
_a
1991 year book of clinical micriobiology.
942
_c
BK
999
_c
24049
_d
24049